| 000 | 00397cam a2200157ua 4500 | ||
|---|---|---|---|
| 003 | OSt | ||
| 008 | 241231b |||||||| |||| 00| 0 eng d | ||
| 020 | _a9788122430561 | ||
| 082 |
_a621.366 _bLAU/LA |
||
| 100 |
_aLaud, B B . _96664 |
||
| 245 | _aLasers and non-linear optics / | ||
| 250 | _a2 / | ||
| 260 |
_aNew Delhi : _bNew Age International Ltd , _c1996. |
||
| 300 | _a262 ; . | ||
| 942 | _cBK | ||
| 999 |
_c8911 _d8911 |
||